书目信息 |
| 题名: |
大爱精神与大学文化建设
|
|
| 作者: | 王少安 , 周玉清 著 | |
| 分册: | ||
| 出版信息: | 北京 人民出版社 2008.02 |
|
| 页数: | 228页 | |
| 开本: | 24cm | |
| 丛书名: | ||
| 单 册: | ||
| 中图分类: | G647 | |
| 科图分类: | ||
| 主题词: | 高等学校--gao deng xue xiao--校园--文化--研究 | |
| 电子资源: | ||
| ISBN: | 978-7-01-006829-9 | |
| 000 | 00886nam0 2200241 450 | |
| 001 | 012008326437 | |
| 005 | 20080413175313.85 | |
| 010 | @a978-7-01-006829-9@dCNY36.00 | |
| 100 | @a20080413d2008 em y0chiy0120 ea | |
| 101 | 0 | @achi |
| 102 | @aCN@b110000 | |
| 105 | @ay z 000yy | |
| 106 | @ar | |
| 200 | 1 | @a大爱精神与大学文化建设@Ada ai jing shen yu da xue wen hua jian she@f王少安, 周玉清著@Fwang shao an,zhou yu qing zhu |
| 210 | @a北京@c人民出版社@d2008.02 | |
| 215 | @a228页@d24cm | |
| 330 | @a本书从研究大爱精神的思想渊源,理论演进及与大学文化的相互关系入手,以一种全新的视角,系统地揭示出大爱精神好呢的本质及其与大学文化、大学教育的内在关系。 | |
| 606 | 0 | @a高等学校@Agao deng xue xiao@x校园@x文化@x研究 |
| 690 | @aG647@v4 | |
| 701 | 0 | @a王少安@Awang shao an@4著 |
| 701 | 0 | @a周玉清@Azhou yu qing@4著 |
| 801 | 0 | @aCN@bQSSK@c20080413 |
| 905 | @b292019-21@dG647@eW330@f3 | |
| 大爱精神与大学文化建设/王少安, 周玉清著.-北京:人民出版社,2008.02 |
| 228页;24cm |
| ISBN 978-7-01-006829-9:CNY36.00 |
| 本书从研究大爱精神的思想渊源,理论演进及与大学文化的相互关系入手,以一种全新的视角,系统地揭示出大爱精神好呢的本质及其与大学文化、大学教育的内在关系。 |
| ● |
| 相关链接 |
|
|
|
正题名:大爱精神与大学文化建设
索取号:G647/W330
 
预约/预借
| 序号 | 登录号 | 条形码 | 馆藏地/架位号 | 状态 | 备注 |
| 1 | 292019 | 202920198 | 社科库409/409社科库 13排1列2层/ [索取号:G647/W330] | 在馆 | |
| 2 | 292020 | 202920205 | 社科库409/409社科库 13排1列1层/ [索取号:G647/W330] | 在馆 | |
| 3 | 292021 | 202920214 | 社科库409/409社科库 13排1列1层/ [索取号:G647/W330] | 在馆 |